00474nam a22001577a 450000500170000000800410001702000180005804100130007608200150008910000120010424500830011625000190019926000430021830000300026165000250029120231101124459.0231101b |||||||| |||| 00| 0 eng d a9780409113495 aEnglish  a346.7 INT  lEnglish aAn Introduction to South African Banking and Credit Law /cHC Schoeman et al.  aSecond Edition aDurban : bLexisNexis (Pty) Ltd,c2013 bxxi, 311 pages ; c25 cm. aLegal practice bLaw